000 00589nam a22001937a 4500
003 BD-DhJNU
005 20260513034627.0
008 260513b |||||||| |||| 00| 0 eng d
020 _a9789845062923
040 _aBD-DhJNU
_bENG
_cBD-DhJNU
_dBD-DhJNU
082 _223
_a991. 411 UMI
100 _aUmar, Badruddin
245 _aThe indian national movement :
_braja ram mohan roy memorial lectures /
_cBadruddin Umar
250 _a2nd ed.
260 _aDhaka :
_bBangladeshi University Press,
_c2021.
300 _a152p. :
_bill. ;
_c22 cm.
650 _aIndia- History
942 _2ddc
_cBK
_n0
999 _c2792
_d2792